Effect of transplanting date on the growth and yield of Aman Rice in Polder Ecosystem of the South-Western coastal zone of Bangladesh / (Record no. 14629)

MARC details
000 -LEADER
fixed length control field 01107nam a22002897a 4500
003 - CONTROL NUMBER IDENTIFIER
control field BD-DhSAU
005 - DATE AND TIME OF LATEST TRANSACTION
control field 20190515141034.0
008 - FIXED-LENGTH DATA ELEMENTS--GENERAL INFORMATION
fixed length control field 161006b2017 bg ad||| |||| 00| 0 eng d
040 ## - CATALOGING SOURCE
Original cataloging agency BD-DhSAU
082 ## - DEWEY DECIMAL CLASSIFICATION NUMBER
Edition number 22
Classification number 630
Item number Ah52
100 ## - MAIN ENTRY--PERSONAL NAME
Personal name Ahmed , Sujat
Relator code Registration No:16-07568
245 ## - TITLE STATEMENT
Title Effect of transplanting date on the growth and yield of Aman Rice in Polder Ecosystem of the South-Western coastal zone of Bangladesh /
Statement of responsibility, etc. Ahmed , Sujat
Remainder of title Ms Thesis
260 ## - PUBLICATION, DISTRIBUTION, ETC. (IMPRINT)
Place of publication, distribution, etc. Dhaka : Sher- e- Bangla Agricultural University :
Name of publisher, distributor, etc. Department of Agronomy ,
Date of publication, distribution, etc. 2017
300 ## - PHYSICAL DESCRIPTION
Extent ix,78 p. :
Other physical details ill. ;
Dimensions 30 cm.
504 ## - BIBLIOGRAPHY, ETC. NOTE
Bibliography, etc Includes bibliographical references.
590 ## - Name of Cataloguer
Name of Cataloger Shofi
650 ## - SUBJECT ADDED ENTRY--TOPICAL TERM
Topical term or geographic name as entry element Agronomy
650 ## - SUBJECT ADDED ENTRY--TOPICAL TERM
Topical term or geographic name as entry element Effect
650 ## - SUBJECT ADDED ENTRY--TOPICAL TERM
Topical term or geographic name as entry element Transplanting date
650 ## - SUBJECT ADDED ENTRY--TOPICAL TERM
Topical term or geographic name as entry element Aman Rice
650 ## - SUBJECT ADDED ENTRY--TOPICAL TERM
Topical term or geographic name as entry element Polder Ecosystem
650 ## - SUBJECT ADDED ENTRY--TOPICAL TERM
Topical term or geographic name as entry element South-Western coastal zone
Geographic subdivision Bangladesh
700 ## - ADDED ENTRY--PERSONAL NAME
Personal name Baque , Md. Abdullahil
Relator code Supervisor
700 ## - ADDED ENTRY--PERSONAL NAME
Personal name Jagadish , S.V. Krishna
Relator code Co-Supervisor
856 ## - ELECTRONIC LOCATION AND ACCESS
Uniform Resource Identifier <a href="http://archive.saulibrary.edu.bd:8080/xmlui/handle/123456789/2334">http://archive.saulibrary.edu.bd:8080/xmlui/handle/123456789/2334</a>
Link text Online Access
942 ## - ADDED ENTRY ELEMENTS (KOHA)
Source of classification or shelving scheme Dewey Decimal Classification
Koha item type MS Level Thesis
Holdings
Withdrawn status Lost status Source of classification or shelving scheme Damaged status Not for loan Collection code Home library Branch Name Date acquired Total Checkouts Full call number Barcode Date last seen Price effective from Koha item type
    Dewey Decimal Classification   Not For Loan Reference SAU Library SAU Library 07/04/2019   630 Ah52 41278 08/05/2019 08/05/2019 MS Level Thesis